| 000 | 01428cad a22002175a 4500 | ||
|---|---|---|---|
| 001 | L143548 | ||
| 008 | 080516s20080512xxk f 000 0 eng d | ||
| 035 | _a(Sirsi) u143548 | ||
| 041 | 0 | _aeng | |
| 050 | 0 | 4 | _a696.9 $2 18 |
| 110 | 2 |
_aUK Green Building Council _95440 |
|
| 245 | 0 | 0 |
_aZero carbon task group report _bthe definition of zero carbon _h[electronic resource] |
| 260 |
_aLondon _bUKGBC _c2008 |
||
| 520 | _aConsiders the government's definition of "zero carbon" and makes recommendations to promote a more practicable solution. The current definition excludes the use of off-site renewables unless they are connected to the development by a private wire. This was felt to be unworkable by housebuilders and confusing by other stakeholders including engineers, architects and developers. Recommends strict minimum energy efficiency parameters for new buildings in both building design and appliances; minimum carbon mitigation measures; allowing non-private networks for off-site solutions and a "community energy fund" for payments where zero carbon achievement is not possible. Includes recommendations for further consultation. | ||
| 521 | 2 | _aAdvanced | |
| 590 | _aKA NTK | ||
| 651 | 4 |
_aUnited Kingdom _y |
|
| 690 | _aENVIRONMENTAL AND LAND CONSULTANCY-SUSTAINABILITY | ||
| 856 | 4 | 0 |
_uhttps://www.ukgbc.org/site/resources/showResourceDetails?id=180 _zView the item free of charge at www.ukgbc.org... |
| 942 | _n0 | ||
| 999 |
_c108214 _d108214 |
||